| 000 | 00689nam a22002293a 4500 | ||
|---|---|---|---|
| 005 | 20231013063541.0 | ||
| 008 | 010621s1985 mx fr 000 0 spa d | ||
| 020 | _a0394500059 | ||
| 035 | _aUPN01000108827 | ||
| 049 | _aCG | ||
| 050 | 4 |
_aJL1226 _bR5.3 |
|
| 100 | 1 | _aRiding, Alan. | |
| 245 | 1 | 0 |
_aDistant neighboors : _ba port rait of the mexicans / _cAlan Riding. |
| 260 |
_aNew York (E.U.A.) : _bAlfrd A. Knopf, _c1985. |
||
| 300 | _axii, 385 p. | ||
| 651 | 4 |
_aMéxico _xPolítica y gobierno _y1970- _94413 |
|
| 651 | 4 |
_aMEXICO - _xCONDICIONES ECONOMICAS - _y1970- |
|
| 651 | 7 |
_aMéxico _xCondiciones sociales _y1970- _2 _97494 |
|
| 901 | _a69998 | ||
| 902 | _aLM/pgv | ||
| 905 | _aLibro | ||
| 999 |
_c82738 _d82738 |
||